Little Apostles of the Sacred Heart of Jesus

According to the promises of the Sacred Heart, He will protect and bless those who honour Him. As the children’s branch of the Society of the Sacred Heart, the most important aims of the Apostleship of Prayer were: atonement of the Sacred Heart of Jesus through the hearts of children, to raise bette...

Teljes leírás

Elmentve itt :
Bibliográfiai részletek
Szerző: Glässerné Nagyillés Anikó
Dokumentumtípus: Cikk
Megjelent: 2018
Sorozat:Religion, culture, society 5
Kulcsszavak:Jezsuita rend, Vallásos nevelés - katolikus, Vallástudomány
Tárgyszavak:
Online Access:http://acta.bibl.u-szeged.hu/69201
LEADER 01655nab a2200217 i 4500
001 acta69201
005 20230509135859.0
008 200604s2018 hu o 0|| eng d
022 |a 1416-7972 
040 |a SZTE Egyetemi Kiadványok Repozitórium  |b hun 
041 |a eng 
100 2 |a Glässerné Nagyillés Anikó 
245 1 0 |a Little Apostles of the Sacred Heart of Jesus  |h [elektronikus dokumentum] /  |c  Glässerné Nagyillés Anikó 
260 |c 2018 
300 |a 112-122 
490 0 |a Religion, culture, society  |v 5 
520 3 |a According to the promises of the Sacred Heart, He will protect and bless those who honour Him. As the children’s branch of the Society of the Sacred Heart, the most important aims of the Apostleship of Prayer were: atonement of the Sacred Heart of Jesus through the hearts of children, to raise better, more loving-hearted children, to act as apostles to adults by and through children, to participate in the community of virtue and prayer of the universal church. Publications associated with veneration of the Sacred Heart mingled the traditional world-view image with the post-Enlightenment world-view. Religious answers given to the social and economic problems reflected the responses of other rival world-views and societies of the age. The proposed answers to social problems included the idea of saving the nation through the Sacred Heart. 
650 4 |a Bölcsészettudományok 
650 4 |a Filozófia, etika és vallástudományok 
695 |a Jezsuita rend, Vallásos nevelés - katolikus, Vallástudomány 
856 4 0 |u http://acta.bibl.u-szeged.hu/69201/1/religion_culture_society_005_112-122.pdf  |z Dokumentum-elérés